000 00500pab a2200193 454500
008 180718b2010 xxu||||| |||| 00| 0 eng d
100 _aKumar, D.
245 _aRecognizing challenges and expanding horizons of medical education in India
260 _c2010
300 _ap.34-37.
362 _a30 Aug
650 _aMedical education - India
650 _aMedical education
700 _aKharwar, P.S.
700 _aSingh, J.V.
773 _aUniversity News
908 _aN
909 _a89280
999 _c89280
_d89280